Statistics for Capitals of Each Southeast Asian Countries by Flag

Click here to take the quiz!

General Stats

  • This quiz has been taken 51 times
  • The average score is 8 of 11

Answer Stats

Answer% Correct
Manila
100%
Bangkok
86%
Hanoi
84%
Jakarta
84%
Kuala Lumpur
84%
Phnom Penh
81%
Vientiane
77%
Dili
70%
Naypyidaw
67%
Bandar Seri Begawan
58%
Singapore City
47%

Score Distribution

Percentile by Number Answered

Percent of People with Each Score

Your Score History

You have not taken this quiz